[Event "CAN-ch U12"]
[Site "Windsor"]
[Date "2010.07.09"]
[Round "7"]
[White "Thanabalachandran, Kajan"]
[Black "Zhong, Xiao Xiang"]
[Result "0-1"]
[WhiteElo "1530"]
[BlackElo "1686"]
[PlyCount "110"]
[EventDate "2010.07.06"]
[EventType "swiss"]
[EventRounds "7"]
[EventCountry "CAN"]
[SourceTitle "EXT 2012"]
[Source "ChessBase"]
[SourceDate "2011.11.24"]
[SourceVersion "1"]
[SourceVersionDate "2011.11.24"]
[SourceQuality "1"]

1. e4 e5 2. Nf3 f5 3. Nxe5 Nc6 4. Qh5+ g6 5. Nxg6 Nf6 6. Qh4 Rg8 7. Nf4 fxe4 8. Nh5 Nxh5 9. Qxh5+ Rg6 10. Qxh7 Qf6 11. g3 Nd4 12. c3 Nc2+ 13. Kd1 Nxa1 14. Be2 d5 15. h3 Rg7 16. Qh5+ Qf7 17. Qe5+ Qe6 18. Qd4 c5 19. Qe3 Bd7 20. b3 0-0-0 21. Bb2 Nxb3 22. axb3 Qb6 23. c4 d4 24. Qxe4 Qxb3+ 25. Kc1 Re7 26. Qd3 Qxd3 27. Bxd3 Rde8 28. Kd1 Ba4+ 29. Bc2 Bxc2+ 30. Kxc2 Bh6 31. Ba3 b6 32. g4 Rf7 33. Rf1 Re2 34. f3 Rh2 35. Kd3 Rxh3 36. Ke4 Rf4+ 37. Kd5 Rhxf3 38. Rh1 Bg7 39. Rg1 Kd7 40. Bc1 Rf1 41. d3 Rxg1 42. Bxf4 Rxb1 43. Bb8 Kc8 44. Bd6 a5 45. Bxc5 bxc5 46. Kxc5 a4 47. Kd6 a3 48. c5 a2 49. c6 a1Q 50. c7 Qa6+ 51. Kd5 Re1 52. Kc5 Qa5+ 53. Kc4 Rc1+ 54. Kb3 Rc3+ 55. Kb2 Qa3+ 0-1

[Event "CAN-ch U12"]
[Site "Windsor"]
[Date "2010.07.08"]
[Round "6"]
[White "Zhong, Xiao Xiang"]
[Black "Lin, Tony"]
[Result "0-1"]
[WhiteElo "1686"]
[BlackElo "1882"]
[PlyCount "104"]
[EventDate "2010.07.06"]
[EventType "swiss"]
[EventRounds "7"]
[EventCountry "CAN"]
[SourceTitle "EXT 2012"]
[Source "ChessBase"]
[SourceDate "2011.11.24"]
[SourceVersion "1"]
[SourceVersionDate "2011.11.24"]
[SourceQuality "1"]

1. e4 c5 2. d4 cxd4 3. c3 Nf6 4. cxd4 Nxe4 5. Nc3 Nxc3 6. bxc3 g6 7. Nf3 Bg7 8. Rb1 0-0 9. Be2 Qc7 10. Qd2 d6 11. 0-0 Bf5 12. Bd3 Bxd3 13. Qxd3 Nc6 14. Bd2 a6 15. Rfc1 Rfc8 16. c4 Qd8 17. Rxb7 Rab8 18. Rbb1 e5 19. d5 Ne7 20. h3 f5 21. Ng5 Qd7 22. a3 e4 23. Qe2 Rb7 24. Rxb7 Qxb7 25. Bb4 Be5 26. Ne6 Nxd5 27. Qd2 Nxb4 28. axb4 Rb8 29. Rb1 Qe7 30. Qd5 Kh8 31. Nd4 Qb7 32. Nc6 Rc8 33. Nxe5 Qxd5 34. Nxg6+ hxg6 35. cxd5 Kg7 36. Kf1 Kf6 37. Ra1 Ra8 38. Ke2 Ke5 39. Rd1 Rb8 40. Ra1 Rb6 41. Ke3 Kxd5 42. Kf4 Kc4 43. Kg5 d5 44. h4 d4 45. h5 gxh5 46. Kxf5 e3 47. fxe3 dxe3 48. Re1 Kd3 49. Ra1 e2 50. Ra3+ Kd2 51. Ra2+ Ke1 52. Kf4 Kf1 0-1

[Event "CAN-ch U12"]
[Site "Windsor"]
[Date "2010.07.08"]
[Round "5"]
[White "Zhong, Xiao Xiang"]
[Black "Yang, Bryant"]
[Result "1-0"]
[WhiteElo "1686"]
[BlackElo "1500"]
[PlyCount "45"]
[EventDate "2010.07.06"]
[EventType "swiss"]
[EventRounds "7"]
[EventCountry "CAN"]
[SourceTitle "EXT 2012"]
[Source "ChessBase"]
[SourceDate "2011.11.24"]
[SourceVersion "1"]
[SourceVersionDate "2011.11.24"]
[SourceQuality "1"]

1. e4 e5 2. Nf3 Nc6 3. Bc4 Nf6 4. d4 exd4 5. 0-0 Bc5 6. e5 d5 7. exf6 dxc4 8. fxg7 Rg8 9. Re1+ Be6 10. Ng5 Qd5 11. Nc3 Qf5 12. Nce4 Bb6 13. Nxe6 fxe6 14. Bg5 Rxg7 15. Qh5+ Qg6 16. Nf6+ Kf7 17. Qh3 Qf5 18. Qh5+ Qg6 19. Qh3 Qxg5 20. Qxe6+ Kg6 21. Ne4+ Kh5 22. Nxg5 Rxg5 23. Qh3+ 1-0